Quiz sur les villes africaines - Statistiques

Statistiques générales
  • Ce quiz a été pris 160 fois
    154 depuis la dernière actualisation
  • Le résultat moyen est 21 sur 28
Réponses sur la Carte
Les réponses sont colorées sur une échelle allant du rouge au vert en fonction du pourcentage des utilisateurs qui les ont devinées à leur premier essai. Vous pouvez retrouver ces pourcentages ci-dessous.
 
Statistiques - réponses
Réponse % Correct
Le Caire
93%
Le Cap
92%
Antananarivo
90%
Alger
88%
Johannesbourg
88%
Casablanca
87%
Louxor
87%
Tunis
85%
Addis-Abeba
84%
Djibouti
84%
Dakar
83%
Khartoum
83%
Kinshasa
83%
Tripoli
83%
Mogadiscio
81%
Luanda
77%
Lagos
75%
Nairobi
72%
Abidjan
70%
Tombouctou
69%
Dar es Salam
67%
Ndjamena
64%
Niamey
63%
Kampala
60%
Lusaka
60%
Monrovia
60%
Abuja
58%
Mombasa
54%
Aucun quiz correspondant
Distribution des résultats
% des personnes avec chaque résultat
Percentile par nombre de réponses
Votre historique - résultats
Vous n’avez pas pris ce quiz depuis la dernière actualisation